000 04127nam a22005657a 4500
001 B-264227-252
003 dpl
005 2008060301361.0
006 a|||||r|||||00| 1
007 ta
008 080603t xxu||||| |||| 00| 0 eng d
020 _a1841352241
_c70.00
035 _aB-264227-252
040 _aDPL
_bEN
082 _aS / BLY
100 _aBlyton, Enid
245 _aBimbo and Topsy /
_cby Enid Blyton; illustrated by Guy Parker-Rees
260 _aNottubggansgure
_bAward Publications
_c2004
270 _aThe Old Riding School, The WElbeck Estate, Worksop,
_bNottubggansgure
300 _a157p.:
_bill.
_c20 cm (pbk)
490 _aEnid Blyton Happy days series
700 _aParker-Rees, Guy
942 _2ddc
_cCH
999 _c13196
_d13196